Procedimientos de investigación criminal /
Obra escrita por un policía profesional venezolano, que desarrolla los elementos y técnicas fundamentales que deberá considerar el criminalista durante la investigación de un delito, así como alguna de las formas comunes con que opera el trasgresor de la ley.
Guardado en:
| Hovedforfatter: | |
|---|---|
| Format: | Bog |
| Sprog: | spansk |
| Udgivet: |
México :
Limusa,
1981, c1969
|
| Fag: | |
| Tags: |
Ingen Tags, Vær først til at tagge denne postø!
|
MARC
| LEADER | 00000nam^a2200000^a^4500 | ||
|---|---|---|---|
| 001 | 000183797 | ||
| 005 | 20250521000000.0 | ||
| 009 | 20260310102054.619 | ||
| 020 | |a 968-18-0786-3 | ||
| 037 | |a Acervo ITESO - Biblioteca | ||
| 041 | |a ESP | ||
| 082 | |a 363. 25 |b VIL | ||
| 100 | |a Villavicencio Ayala, Miguel José |e (autor) | ||
| 245 | 1 | 0 | |a Procedimientos de investigación criminal / |c M.J. Villavicencio Ayala ; pref. de Eliseo Figueroa Romero. |
| 264 | 4 | |a México : |b Limusa, |c 1981, c1969 | |
| 300 | |a 349 p. | ||
| 336 | |a texto |b txt |2 rdacontenido | ||
| 337 | |a sin mediación |b n |2 rdamedio | ||
| 338 | |a volumen |b nc |2 rdasoporte | ||
| 520 | |a Obra escrita por un policía profesional venezolano, que desarrolla los elementos y técnicas fundamentales que deberá considerar el criminalista durante la investigación de un delito, así como alguna de las formas comunes con que opera el trasgresor de la ley. | ||
| 649 | |a XX | ||
| 650 | |a Investigación del Delito - |x Metodología | ||
| 650 | |a Delitos | ||
| 650 | |a Derecho Penal | ||
| 650 | |a Derecho Público | ||
| 650 | |a Criminalística - |x Metodología | ||
| 650 | |a Criminología - |x Metodología | ||
| 910 | |a Fondo General | ||
| 920 | |a Impresos - Libros | ||
| 930 | |a Colección General | ||
| 905 | |a 101 | ||
| 901 | |a 0500124545 |b IT1 |c ACC |u 20250521 | ||
| 902 | |a https://opac.biblio.iteso.mx/vufind/Record/000183797 | ||